00693nam a22002297a 450000500170000001000110001702000220002803500110005003700160006104000120007708200130008910000290010224500420013126000380017327000220021130000190023365000250025265000270027794200220030499900190032695201180034520170124110041.0 a794088 c00.00a0091229405 a794088 bCen Lib/Ret aDPLbEN a881bBLA aBlackburn, Thomas923812 aSelected poems /cby Thomas Blackburn bHutchinson & Co.Ltdc1975aLondon a3, Fitzroy Square a88p.c22cm(Hb) aIndian poems.923813 aEnglish poetry.983164 2ddccENh881mBLA c128577d128577 00104070aLbLd2015-07-02eCen Lib/Retg0.00l0o881 BLAp794088r2015-07-02 00:00:00t1v0.00w2015-07-02yEN